00518nam a2200193Ia 450000500170000000800460001703700130006304000200007604100130009608400210010910000200013024500330015025000060018326000430018930000090023236500120024149000430025365000280029620250508152910.0008 250505s9999 xx 000 0 eng d aTextBook aFEDLbengcFEDL aeng2eng a153.9, VERqFEDL aVernon Philip E 0aStructure of human abilities a2 aLondon, UKbMethuen and Co. Ltd c1961 a208p aINRb24 aMethuen's Manuals Of Modern Psychology aIntelligence-Psychology